[Event "Contrecoeur-C"]
[Site "Contrecoeur"]
[Date "2018.11.04"]
[Round "4.6"]
[White "Courtemanche, Sylvain"]
[Black "Pincince, Jacques"]
[Result "1-0"]
[WhiteElo "1443"]
[BlackElo "1516"]
[PlyCount "93"]
[EventDate "2018.11.02"]
[EventType "swiss"]
[EventRounds "5"]
[EventCountry "CAN"]
[SourceTitle "EXT 2022"]
[Source "ChessBase"]
[SourceDate "2021.10.06"]
[SourceVersion "1"]
[SourceVersionDate "2021.10.06"]
[SourceQuality "1"]

1. e4 c5 2. Nf3 d6 3. d4 cxd4 4. Nxd4 Nf6 5. Nc3 a6 6. Be3 e6 7. f3 Be7 8. Qd2 Qc7 9. 0-0-0 Nc6 10. g4 b5 11. g5 Nd7 12. Kb1 Nb6 13. Ndxb5 axb5 14. Nxb5 Qb7 15. Nxd6+ Bxd6 16. Qxd6 Nd7 17. f4 Ne7 18. Bc5 Nc6 19. f5 Nxc5 20. Qxc5 Ra5 21. Qd6 Qd7 22. Bh3 Qxd6 23. Rxd6 Ne7 24. Rhd1 0-0 25. Rd8 Nd5 26. Rxf8+ Kxf8 27. exd5 Rxd5 28. Rxd5 exd5 29. Bg2 d4 30. Be4 Ke7 31. b4 Kd6 32. f6 gxf6 33. gxf6 Ke5 34. Bxh7 Kxf6 35. Kb2 Ke5 36. c3 Be6 37. cxd4+ Kxd4 38. Bc2 f5 39. b5 f4 40. b6 Bd5 41. a4 f3 42. Bd1 Kc5 43. h4 Kb4 44. h5 f2 45. Be2 Kxa4 46. h6 Ka5 47. h7 1-0

[Event "Contrecoeur-C"]
[Site "Contrecoeur"]
[Date "2018.11.03"]
[Round "2.7"]
[White "Arcand, Pierre"]
[Black "Courtemanche, Sylvain"]
[Result "0-1"]
[WhiteElo "1175"]
[BlackElo "1443"]
[PlyCount "86"]
[EventDate "2018.11.02"]
[EventType "swiss"]
[EventRounds "5"]
[EventCountry "CAN"]
[SourceTitle "EXT 2022"]
[Source "ChessBase"]
[SourceDate "2021.10.06"]
[SourceVersion "1"]
[SourceVersionDate "2021.10.06"]
[SourceQuality "1"]

1. e4 e5 2. Nf3 Nc6 3. Nc3 Nf6 4. Bb5 Bb4 5. d3 d6 6. h3 h6 7. Bd2 0-0 8. 0-0 Ne7 9. Ne2 Bxd2 10. Qxd2 Ng6 11. Rfe1 c6 12. Bc4 d5 13. exd5 cxd5 14. Bb5 Qb6 15. c4 a6 16. Ba4 dxc4 17. dxc4 Ne4 18. Qe3 Qxe3 19. fxe3 Nc5 20. Bc2 f5 21. Rad1 e4 22. Nfd4 Ne5 23. b3 Rf6 24. Nf4 g5 25. Nd5 Rf7 26. Nb6 Rb8 27. Nxc8 Rxc8 28. Rf1 Rcf8 29. Rf2 Ncd3 30. Bxd3 Nxd3 31. Re2 Rf6 32. Rf1 f4 33. exf4 Rxf4 34. Rxf4 Rxf4 35. Nc2 Nc1 36. Rf2 Nxa2 37. Rxf4 gxf4 38. Kf2 Nc3 39. Nd4 Kf7 40. Nf5 Kg6 41. Ne7+ Kg5 42. c5 h5 43. Nd5 Nxd5 0-1

[Event "Gatineau Outaouais op U1500"]
[Site "Gatineau"]
[Date "2014.06.08"]
[Round "5"]
[White "Dubois, Lorraine"]
[Black "Courtemanche, Sylvain"]
[Result "0-1"]
[WhiteElo "1141"]
[BlackElo "1331"]
[PlyCount "50"]
[EventDate "2014.06.06"]
[EventType "swiss"]
[EventRounds "5"]
[EventCountry "CAN"]
[SourceTitle "EXT 2022"]
[Source "ChessBase"]
[SourceDate "2021.10.06"]
[SourceVersion "1"]
[SourceVersionDate "2021.10.06"]
[SourceQuality "1"]

1. e4 Nf6 2. e5 Nd5 3. d4 d6 4. c4 Nb6 5. exd6 exd6 6. Nf3 Bg4 7. h3 Bxf3 8. Qxf3 c6 9. b3 Be7 10. Bf4 0-0 11. Na3 Re8 12. Be2 N8d7 13. Rd1 d5 14. c5 Nc8 15. 0-0 b6 16. Qg3 bxc5 17. Bc7 Bd6 18. Bxd6 Nxd6 19. Bg4 Ne4 20. Qd3 Ndf6 21. Nc2 Nxg4 22. hxg4 Re6 23. f3 Ng3 24. f4 Ne2+ 25. Kf2 Qh4+ 0-1